| Registos Bibliográficos associados ao registo de autoridade |
|
Etiqueta de registo: 00000nam 2200025 450 001 2281930 003 http://id.bnportugal.gov.pt/bib/catbnp/2281930 100 ## $a20260319d2025 k y0pory01030103ba 101 0# $aeng$dpor 102 ## $aPT 105 ## $aa m 000yy 106 ## $ar 200 1# $aDevelopment of biopolymer films from opuntia SPP. Mucilage for food packaging application$fCarolina Pereira Rodrigues$gadviser Luisa Almaça da Cruz Fernando, Isabel Maria Rôla Coelhoso, Victor Gomes Lauriano
de Souza 210 #9 $aLisboa$c[s.n.],$d2025 215 ## $aXXXIII, 263 p.$cil.$d30 cm 328 #1 $aTese dout. Food Sciences, Nova School of Science & Technology, Universidade Nova de
Lisboa, Universidade de Évora, 2025 675 ## $a664.8(043)$vBN$zpor$31297088 675 ## $a634.77(043)$vBN$zpor$31245083 675 ## $a57.08(043)$vBN$zpor$31241935 700 #1 $aRodrigues,$bCarolina Pereira$31992636 702 #1 $aFernando,$bAna Luísa Almaça da Cruz$4727$31287912 702 #1 $aCoelhoso,$bIsabel$4727$348746 702 #1 $aSouza,$bVictor Gomes Lauriano de$4727$31730863 801 #0 $aPT$bBN$gRPC 966 ## $lBN$mFGMON$sS.A. 193597 V.$x1 971 ## $corlando$d20260319 972 ## $e0$z0$d20260427$vlrevez 973 ## $cigoulao$d20260416
|
|
|